000 00661nam a2200253Ia 4500
003 OSt
005 20221007100401.0
006 a|||||r|||| 00| 0
007 ta
008 221006b |||||||| |||| 00| 0 eng d
024 _a4,329
037 _cTextual
040 _aLCO
_cLCO
_beng
041 _2eng
_aeng
082 _aZv2,N, M0
100 _aPuri S.K.
_9308182
245 0 _aLectures Legal and Constitutional History
250 _a4th
260 _aAllahabad
_bAllahabad Law Agency India
_c1980
300 _a257
650 _aINDIAN LEGAL HISTORY
_9681802
942 _hZv2,N, M0
_cTEXL
999 _c1173892
_d1173892